| 000 | 00444nam a2200169Ia 4500 | ||
|---|---|---|---|
| 001 | 54727 | ||
| 008 | 120417n ii |||gr||||Z||||||465 | ||
| 082 | _a583 | ||
| 100 |
_aPandey, _eB.P., |
||
| 245 | 0 |
_aTaxonomy of Angiosperms _cB.P.Pandey _hTextual Documents |
|
| 250 | _aIst ed-1969. | ||
| 260 |
_aNew Delhi: _bS.Chans & Company Ltd. |
||
| 300 |
_a600p: _c23cm. |
||
| 653 | _aTaxonomy of Angiosperms | ||
| 653 | _aG-Botany | ||
| 942 |
_2ddc _cBK |
||
| 999 |
_c54681 _d54681 |
||